Prénoms de garçons les plus populaires au Québec en 2020 - Statistiques

Statistiques générales
  • Ce quiz a été pris 524 fois
  • Le résultat moyen est 41 sur 100
Statistiques - réponses
% Correct
William
74%
Thomas
72%
Léo
71%
Louis
70%
Olivier
70%
Gabriel
67%
Charles
66%
Jules
66%
Mathis
66%
Sam
66%
Alexis
64%
Nathan
64%
Samuel
64%
Eli
63%
Zack
62%
Antoine
61%
Rafaël
61%
Raphaël
61%
Alexandre
60%
Luca
60%
Lucas
60%
Liam
59%
Louka
59%
Lyam
59%
Noah
58%
Théo
57%
Zachary
56%
Zackary
56%
Félix
55%
Jacob
55%
Xavier
55%
Eliot
54%
Eliott
54%
Elliot
54%
Victor
52%
Benjamin
51%
Émile
50%
Justin
50%
Hugo
48%
Léon
47%
Loïc
46%
Anthony
45%
Paul
45%
Tom
44%
Édouard
43%
Mateo
43%
Matheo
43%
Matteo
43%
Nicolas
43%
Arthur
42%
Henri
41%
David
40%
Étienne
39%
Laurent
37%
Philippe
37%
Charlie
36%
Arnaud
35%
Ethan
35%
Jack
35%
Tristan
35%
Adam
34%
Éloi
34%
James
33%
Logan
33%
Michaël
33%
Isaac
32%
Dylan
30%
Jordan
30%
Ludovic
30%
Nolan
30%
Rayan
30%
Ryan
30%
Clément
27%
Daniel
27%
Evan
27%
Léonard
27%
Maxence
27%
Milan
26%
Hubert
25%
Jayden
24%
Axel
23%
Enzo
23%
Maël
23%
Théodore
23%
Ayden
22%
Hayden
22%
Adrien
21%
Malik
20%
Albert
19%
Jackson
19%
Caleb
18%
Nathaniel
17%
Ali
15%
Maverick
15%
Jake
14%
Tyler
14%
Mayson
13%
Elias
11%
Milo
9%
Owen
7%
Aucun quiz correspondant
Distribution des résultats
% des personnes avec chaque résultat
Percentile par nombre de réponses
Votre historique - résultats
Vous n’avez pas pris ce quiz